000
00278nam a22001337a 4500
008
180302b xxu||||| |||| 00| 0 eng d
020
_a
9780030379819
041
_a
eng
080
_a
610
100
_a
4
101
_a
SHM
245
_a
Lifetime Health
_c
Holt
942
_2
udc
_c
BK
999
_c
44030
_d
44030